000 00354 a2200109 4500
001 ART_25611
005 20260410161935.0
008 260409a
245 1 0 _aDemocracia y déficit fiscal
100 1 _aBuchanan, James B.
773 0 _tAnales de la Academia Nacional de Ciencias Económicas
_g- Vol. XXXII, (1987) (ene. 1988)
_wREV25596
999 _c28931
_d28931